00612nam a2200157 a 4500008004100000050001600041100002400057245002500081246004700106260004000153300001300193350000900206995009000215999001700305952013200322120416s1978 ||||||||||||||||| || u aHF 5549 Mil aMiller, M. Lawrence10aBehaviour management athe new science of managing people at work aNew YorkbJohn Wiley and Sonsc1978 ax, 404p. a0.00 D0.00FCBU-MAIN LIBRARY (Kitwe)H1I0.00UDAMAGEDZMain Library Open Access Collection c35709d35709 00102lcc4070a001b001cMain Library Open Access Collectiond2022-11-30l0oHF 5549 Milp006161r2022-11-30w2022-11-30y002